SAT Words HARD Click Quiz - S #8 - Daily Word Quiz! - Statistics

General Stats
  • This quiz has been taken 167 times
  • The average score is 12 of 16
Answer Stats
Hint Answer % Correct
Tapering, icicle-like mineral deposit that hangs from the roof of a cave Stalactite
91%
Arabic obeisance or ceremonial greeting Salaam
90%
Slender probe used in medical procedures; or, a very sharp, pointy dagger Stylet
89%
Plug a hole, opening, or vent to prevent the escape of a substance Stopple
87%
Producing rich, deep, resonant sound or voice Sonorous
83%
Pertaining to the structural relationship of words in a sentence Syntagmatic
82%
Containing a high concentration of alcohol Spirituous
74%
Assistance, support, or relief provided during times of distress or need Succor
74%
Given to abusive, vulgar, or offensive language Scurrilous
71%
A slight or superficial understanding of a subject Smattering
71%
Objects that can be perceived or experienced Sensibilia
70%
Irritable and nagging in manner Shrewish
70%
Without worry; carefree and relaxed Sans souci
67%
Dominant or controlling authority in a political relationship; overlord or feudal lord Suzerain
66%
Pertaining to the heavens or the divine; transcendent, celestial, or superlatively good Supernal
64%
Person involved in the latest trends and fashions Scenester
43%
No matching quizzes found
Score Distribution
Percent of People with Each Score
Percentile by Number Answered
Your Score History
You have not taken this quiz